|
|
|
|
| LEADER |
01087nam a22002417i 4500 |
| 003 |
GR-PaULI |
| 005 |
20210117210352.0 |
| 008 |
170425s -us||||f b||| 001 0 eng d |
| 020 |
|
|
|a 9780299306502
|
| 040 |
|
|
|a GR-PaULI
|b gre
|c GR-PaULI
|e AACR2
|
| 082 |
0 |
4 |
|a 128.33
|2 23
|
| 100 |
1 |
|
|9 8802
|a Jay, Martin
|d 1944-
|e συγγραφέας
|
| 245 |
1 |
0 |
|a Reason after its eclipse :
|b on late critical theory /
|c Martin Jay.
|
| 260 |
|
|
|a Wisconsin :
|b University of Wisconsin Press,
|c 2016.
|
| 300 |
|
|
|a xviii, 245 σ. :
|c 23 εκ.
|
| 490 |
0 |
|
|a The George L. Mosse series in modern european cultural and intellectual history
|
| 504 |
|
|
|6 Περιλαμβάνει βιβλιογραφικές παραπομπές και ευρετήριο.
|
| 650 |
|
4 |
|9 134404
|a Συλλογιστική
|
| 650 |
|
4 |
|9 8843
|a Κριτική θεωρία
|
| 942 |
|
|
|2 ddc
|c BK15
|
| 952 |
|
|
|0 0
|1 0
|2 ddc
|4 0
|6 128_330000000000000_JAY
|7 0
|9 211675
|a PHIL
|b PHIL
|d 2017-04-25
|i 11881
|l 0
|o 128.33 JAY
|p 025000242782
|r 2017-04-25 00:00:00
|t 1
|v 2017.00
|w 2017-04-25
|y BK15
|
| 998 |
|
|
|c ΚΑΝΕΛΛΟΠΟΥΛΟΥ
|d 2017-04
|
| 999 |
|
|
|c 128825
|d 128825
|